[Event "FRA-chT2C 0506"]
[Site "France"]
[Date "2006.01.15"]
[Round "6.9"]
[White "Laurens, Julia"]
[Black "Bassard, Edouard"]
[Result "1/2-1/2"]
[WhiteElo "2058"]
[BlackElo "1956"]
[PlyCount "69"]
[EventDate "2005.10.27"]
[EventType "team"]
[EventRounds "11"]
[EventCountry "FRA"]
[SourceTitle "EXT 2006"]
[Source "ChessBase"]
[SourceDate "2005.11.24"]
[SourceVersion "1"]
[SourceVersionDate "2005.11.24"]
[SourceQuality "1"]

1. d4 d5 2. c4 c6 3. Nc3 Nf6 4. Nf3 e6 5. cxd5 exd5 6. Bg5 Be7 7. Qc2 0-0 8. e3 Nbd7 9. Bd3 Re8 10. h3 h6 11. Bf4 a6 12. 0-0 c5 13. a4 Nb6 14. dxc5 Bxc5 15. a5 Nbd7 16. Na4 b6 17. b4 Bxb4 18. axb6 Bb7 19. Bc7 Qe7 20. Rab1 Rac8 21. Nd4 Nxb6 22. Nf5 Qxc7 23. Qxc7 Rxc7 24. Rxb4 Nxa4 25. Rxa4 Re6 26. Rb1 Ne4 27. Rab4 Nc5 28. Nd4 Rf6 29. Be2 Kf8 30. Rc1 Bc8 31. Nb3 Rfc6 32. Na5 Rf6 33. Nb3 Rfc6 34. Na5 Rf6 35. Nb3 1/2-1/2

[Event "FRA-chT2C 0506"]
[Site "France"]
[Date "2006.01.14"]
[Round "5.9"]
[White "Bassard, Edouard"]
[Black "Pernoud, Claire"]
[Result "1-0"]
[WhiteElo "1956"]
[BlackElo "1770"]
[PlyCount "67"]
[EventDate "2005.10.27"]
[EventType "team"]
[EventRounds "11"]
[EventCountry "FRA"]
[SourceTitle "EXT 2006"]
[Source "ChessBase"]
[SourceDate "2005.11.24"]
[SourceVersion "1"]
[SourceVersionDate "2005.11.24"]
[SourceQuality "1"]

1. e4 e5 2. Nf3 Nc6 3. Bb5 a6 4. Ba4 Nf6 5. 0-0 Be7 6. Re1 b5 7. Bb3 0-0 8. c3 d6 9. h3 Na5 10. Bc2 c5 11. d4 cxd4 12. cxd4 Nc6 13. Nc3 Bd7 14. Nd5 Rc8 15. dxe5 dxe5 16. a3 Be6 17. Bb3 Re8 18. Be3 Nd7 19. Rc1 Na5 20. Ba2 Nc4 21. Bxc4 bxc4 22. Qa4 Nc5 23. Bxc5 Bxc5 24. Red1 Bxd5 25. Rxd5 Qb6 26. Qc2 Bd6 27. Rcd1 Red8 28. Qc3 f6 29. Nd2 Bc5 30. Nxc4 Rxd5 31. Nxb6 Rxd1+ 32. Kh2 Rc7 33. Qb3+ Kf8 34. Qxd1 1-0

[Event "FRA-chT2 0405"]
[Site "France"]
[Date "2005.04.02"]
[Round "10.7"]
[White "Smyrek, Ingo"]
[Black "Bassard, Edouard"]
[Result "1-0"]
[WhiteElo "2031"]
[BlackElo "1874"]
[PlyCount "123"]
[EventDate "2004.10.10"]
[EventType "team"]
[EventRounds "11"]
[EventCountry "FRA"]
[SourceTitle "EXT 2006"]
[Source "ChessBase"]
[SourceDate "2005.11.24"]
[SourceVersion "1"]
[SourceVersionDate "2005.11.24"]
[SourceQuality "1"]

1. d4 d5 2. Nf3 Nf6 3. c4 c6 4. Nc3 e6 5. Bg5 Nbd7 6. e3 Qa5 7. Bxf6 Nxf6 8. Nd2 Bb4 9. Qc2 0-0 10. Bd3 Re8 11. f4 dxc4 12. Nxc4 Qh5 13. 0-0 Ng4 14. h3 Nf6 15. Ne5 Nd5 16. Rae1 f6 17. Nf3 c5 18. a3 Bxc3 19. bxc3 cxd4 20. cxd4 Bd7 21. Qd2 Rac8 22. Rc1 Nb6 23. Qb4 Qf7 24. Qa5 Nd5 25. Qd2 Qe7 26. e4 Nb6 27. Qb4 Qxb4 28. axb4 Na4 29. Kf2 Nb2 30. Be2 Bc6 31. Rc2 Na4 32. Rfc1 Bd7 33. Ke3 Rxc2 34. Rxc2 Rc8 35. Rxc8+ Bxc8 36. d5 exd5 37. exd5 Kf7 38. Kd4 Bd7 39. Nd2 Nb6 40. Ne4 Ke7 41. Nc5 Bc8 42. Bb5 a6 43. Be2 Nd7 44. Nxd7 Bxd7 45. Kc5 Bc8 46. d6+ Ke6 47. Bc4+ Kd7 48. f5 b6+ 49. Kxb6 Kxd6 50. Be6 Bxe6 51. fxe6 Kxe6 52. Kxa6 Kf5 53. b5 Kf4 54. b6 Kg3 55. b7 Kxg2 56. h4 Kg3 57. b8Q+ Kxh4 58. Qh2+ Kg4 59. Qg2+ Kf4 60. Qxg7 f5 61. Qxh7 Kg4 62. Qh1 1-0

[Event "FRA-chT2 0405"]
[Site "France"]
[Date "2005.03.13"]
[Round "9.9"]
[White "Pernoud, Claire"]
[Black "Bassard, Edouard"]
[Result "0-1"]
[WhiteElo "1700"]
[BlackElo "1874"]
[PlyCount "56"]
[EventDate "2004.10.10"]
[EventType "team"]
[EventRounds "11"]
[EventCountry "FRA"]
[SourceTitle "EXT 2006"]
[Source "ChessBase"]
[SourceDate "2005.11.24"]
[SourceVersion "1"]
[SourceVersionDate "2005.11.24"]
[SourceQuality "1"]
[WhiteTeam "Grenoble"]
[BlackTeam "Echiquier Nicois  II"]
[WhiteTeamCountry "FRA"]
[BlackTeamCountry "FRA"]

1. e4 c5 2. Nc3 Nc6 3. g3 g6 4. Bg2 Bg7 5. f4 d6 6. Nf3 e6 7. 0-0 Nge7 8. d3 0-0 9. Be3 Nd4 10. Rb1 Rb8 11. h3 b5 12. g4 Qa5 13. e5 dxe5 14. Nxe5 f6 15. Nf3 b4 16. Ne4 Re8 17. c3 bxc3 18. Nxc3 Ba6 19. Bxd4 cxd4 20. Ne2 f5 21. Ng5 Rb6 22. a3 Qb5 23. Nc1 h6 24. Nf3 Nd5 25. Nxd4 Bxd4+ 26. Kh2 Ne3 27. Qf3 Bb7 28. a4 Bxf3 0-1

[Event "FRA-ch Accession"]
[Site "Val d'Isere"]
[Date "2002.08.21"]
[Round "2"]
[White "Bassard, Edouard"]
[Black "Midoux, Sebastien"]
[Result "0-1"]
[WhiteElo "2140"]
[BlackElo "2286"]
[PlyCount "64"]
[EventDate "2002.08.20"]
[EventType "swiss"]
[EventRounds "11"]
[EventCountry "FRA"]
[SourceTitle "EXT 2003"]
[Source "ChessBase"]
[SourceDate "2002.11.25"]
[SourceVersion "1"]
[SourceVersionDate "2002.11.25"]
[SourceQuality "1"]

1. e4 c5 2. Nf3 d6 3. d4 Nf6 4. Nc3 cxd4 5. Qxd4 Nc6 6. Bb5 Bd7 7. Bxc6 Bxc6 8. Bg5 e6 9. 0-0-0 Be7 10. Qd3 Qa5 11. Rhe1 0-0 12. Bh4 Rfc8 13. Nd4 Be8 14. f4 b5 15. Kb1 b4 16. Nce2 Qc7 17. h3 Nxe4 18. Bxe7 Nc5 19. Nxe6 Nxd3 20. Nxc7 Rxc7 21. Bxd6 Nxe1 22. Bxc7 Nxg2 23. Rd4 Rc8 24. Rd8 Rxd8 25. Bxd8 Bd7 26. Be7 Bxh3 27. Bxb4 Bg4 28. Nd4 Nxf4 29. c4 h5 30. Be7 f6 31. c5 h4 32. Bd6 g5 0-1